Šlapanice a okolí Brna z nebe

Bibliographic Details
Main Authors: Glovňa, Kamil, 1975- (Author, Photographer), Chovan, Jakub, 1989- (Author, Photographer)
Corporate Author: Skřivánek (Zlín, Česko)
Format: Book
Language:Czech
English
Published: Zlín Creative Business Studio 2021
Edition:1. vydání
Series:Česko z nebe
Subjects:

MARC

LEADER 00000cam a2200000 4500
001 vtls012123613
003 SK-MaSNL
005 20260301104716.0
008 220215s2021 xr ob g 000 0 cze
015 |a SNBZSA2023/07 
020 |a 9788088259855  |q (viazané) 
040 |a SNK  |b slo  |c SNK  |e rda 
041 1 |a cze  |a eng  |h cze 
043 |a e-xr--- 
044 |a xr  |c CZ 
072 7 |a 913  |x Regionálna geografia  |2 konspekt 
080 |a 778.35  |2 2011 
080 |a 913  |2 2011 
080 |a (437.322)  |2 2011 
080 |a (084.12)  |2 2011 
100 1 |a Glovňa, Kamil,  |d 1975-  |4 aut  |4 pht  |9 209650 
245 1 0 |a Šlapanice a okolí Brna z nebe  |c Kamil Glovňa, Jakub Chovan ; překlad: Skřivánek s.r.o. 
246 3 1 |a Šlapanice and Brno's surrounding areas from heaven 
250 |a 1. vydání 
264 1 |a Zlín  |b Creative Business Studio  |c 2021 
300 |a 125 strán  |b farebné fotografie, 1 mapa  |c 18 x 26 cm 
336 |a text  |b txt  |2 rdacontent 
336 |a statický obraz  |b sti  |2 rdacontent 
337 |a bez média  |b n  |2 rdamedia 
338 |a zväzok  |b nc  |2 rdacarrier 
366 |e 1300 kusov 
490 1 |a Česko z nebe 
500 |a Obsahuje životopisné údaje autorov spolu s portrétmi 
546 |a Súbežný anglický text 
650 0 7 |a letecká fotografia  |2 SNKPH  |9 51512 
650 0 7 |a Aerial photography  |2 SNKPHeng  |9 310941 
650 0 7 |a regionálna geografia  |2 SNKPH  |9 822 
650 0 7 |a Regional geography  |2 SNKPHeng  |9 267552 
651 7 |a Brno-venkov (Česko : okres)  |2 SNKPHgeo  |9 205231 
651 7 |a Brno-venkov District (Czechia)  |2 SNKPHeng  |9 443876 
655 7 |a fotografické publikácie  |2 SNKPH  |9 70483 
655 7 |a Photographic publication  |2 SNKPHeng  |9 266858 
700 1 |a Chovan, Jakub,  |d 1989-  |4 aut  |4 pht  |9 187525 
710 2 |a Skřivánek (Zlín, Česko)  |9 236267 
710 2 |a Vydavateľstco CBS.  |b Flying Team  |4 pbl  |9 443877 
830 0 |a Česko z nebe  |9 340365 
852 |a Slovenská národná knižnica 
919 |a 978-80-88259-85-5 
954 |a obrazové publikácie zamerané na výtvarné umenie a fotografiu cudzojazyčné (svetové)  |2 lita 
958 |a ZS 
999 |c 698913  |d 700843 
952 |a SNK  |b SNK  |y PREZ  |7 0  |p 17A1527490  |o snkSD 91614  |i snk2023/6981  |8 4  |g 24.72  |0 0  |1 0  |4 0  |d 2022-02-15  |f 1  |l 0  |r 2026-02-23 20:50:08  |w 2026-02-23